000 00440cam a2200193u 4500
001 8726833
005 20180111044108.0
008 830118s1922 enk 000 0 eng
010 _a 23002476
040 _aDLC
_cCarP
_dDLC
041 _aeng
080 _a101
082 _2101 ROU
100 1 _a24
101 _aFIL
245 1 0 _aPhilosophical studies,
906 _a0
_bcbc
_cpremunv
_du
_encip
_f19
_gy-gencatlg
942 _2ddc
_cBK
999 _c40079
_d40079